[Event "Bydgoszcz PGNiG Blitz"]
[Site "Bydgoszcz"]
[Date "2021.09.19"]
[Round "4"]
[White "Nasuta, Grzegorz"]
[Black "Renkowski, Piotr"]
[Result "1-0"]
[WhiteElo "2531"]
[BlackElo "2178"]
[PlyCount "53"]
[EventDate "2021.09.19"]
[EventType "swiss (blitz)"]
[EventRounds "13"]
[EventCountry "POL"]
[SourceTitle "CBM 204 Extra"]
[Source "ChessBase"]
[SourceDate "2021.11.30"]
[SourceVersion "1"]
[SourceVersionDate "2021.11.30"]
[SourceQuality "1"]

1. e4 c5 2. Nf3 d6 3. Bb5+ Bd7 4. Bxd7+ Qxd7 5. c4 Nc6 6. d4 e5 7. d5 Nd4 8. Nxd4 exd4 9. 0-0 g6 10. f4 Bg7 11. Nd2 0-0-0 12. b4 Nf6 13. bxc5 dxc5 14. e5 Ne8 15. Ne4 b6 16. a4 f6 17. e6 Qc7 18. a5 f5 19. axb6 axb6 20. e7 Qxe7 21. Qa4 Qb7 22. Ng5 Nd6 23. Ne6 Bf6 24. Ba3 Rde8 25. Rfb1 Rxe6 26. dxe6 Kc7 27. Bxc5 1-0

[Event "POL-chT 1st League"]
[Site "Szklarska Poreba"]
[Date "2021.09.10"]
[Round "7.5"]
[White "Renkowski, Piotr"]
[Black "Jakubiec, Artur"]
[Result "1-0"]
[WhiteElo "2178"]
[BlackElo "2438"]
[PlyCount "157"]
[EventDate "2021.09.04"]
[EventType "team-swiss"]
[EventRounds "9"]
[EventCountry "POL"]
[SourceTitle "CBM 204 Extra"]
[Source "ChessBase"]
[SourceDate "2021.11.30"]
[SourceVersion "1"]
[SourceVersionDate "2021.11.30"]
[SourceQuality "1"]
[WhiteTeam "Gostynin Gostmat 83"]
[BlackTeam "Dabrowa Gornicza Zaglebie"]
[WhiteTeamCountry "POL"]
[BlackTeamCountry "POL"]

1. e4 c5 2. Nf3 d6 3. d4 cxd4 4. Nxd4 Nf6 5. Nc3 Bd7 6. Be3 Ng4 7. Bc1 Nc6 8. Be2 Nf6 9. Be3 a6 10. 0-0 e6 11. f4 Nxd4 12. Qxd4 Bc6 13. Rad1 Be7 14. f5 e5 15. Qd3 h6 16. g4 b5 17. a3 Rc8 18. Rf2 Bb7 19. Bf3 Rc4 20. Rg2 Qa8 21. b3 Rxc3 22. Qxc3 Nxe4 23. Qd3 0-0 24. c4 bxc4 25. bxc4 Bc6 26. Rb1 Ng5 27. Bxc6 Qxc6 28. Bxg5 Bxg5 29. Qd5 Be3+ 30. Kh1 Qc7 31. Rgb2 Bc5 32. Rb7 Qa5 33. Rb8 Rxb8 34. Rxb8+ Kh7 35. Qe4 Qd2 36. f6+ g6 37. Rb1 Qf2 38. g5 hxg5 39. Qg2 Qe3 40. Rf1 e4 41. a4 Bd4 42. Qg3 Qxg3 43. hxg3 e3 44. Kg2 g4 45. Rf4 e2 46. Re4 Bxf6 47. Rxe2 Bd4 48. Re4 Bc5 49. Rxg4 f5 50. Rh4+ Kg7 51. Kf3 a5 52. Rh1 Kf6 53. Rd1 Ke6 54. Kf4 Kf6 55. Rd5 Bb4 56. g4 fxg4 57. Kxg4 Bc5 58. Kf4 Bb4 59. Rb5 Bd2+ 60. Ke4 g5 61. Rd5 Bb4 62. Kf3 Ke6 63. Rxg5 Kd7 64. Ke4 Kc6 65. Rd5 Bc5 66. Kf5 Bb4 67. Ke6 Kc7 68. Rh5 Kc6 69. Rb5 Bd2 70. Rb8 Kc5 71. Rc8+ Kb4 72. Kxd6 Kxa4 73. c5 Bf4+ 74. Kd5 Kb5 75. Rf8 Bg3 76. Rf3 Be1 77. Rb3+ Bb4 78. c6 Kb6 79. Rxb4+ 1-0

[Event "POL Cup KO rapid"]
[Site "Lodz"]
[Date "2021.08.08"]
[Round "1.2"]
[White "Renkowski, Piotr"]
[Black "Klekowski, Maciej"]
[Result "0-1"]
[WhiteElo "2150"]
[BlackElo "2510"]
[PlyCount "64"]
[EventDate "2021.08.08"]
[EventType "k.o. (rapid)"]
[EventRounds "4"]
[EventCountry "POL"]
[SourceTitle "CBM 203 Extra"]
[Source "ChessBase"]
[SourceDate "2021.09.30"]
[SourceVersion "1"]
[SourceVersionDate "2021.09.30"]
[SourceQuality "1"]

1. e4 e5 2. d4 exd4 3. Qxd4 Nc6 4. Qe3 g6 5. Nc3 Bg7 6. Bd2 d6 7. 0-0-0 Be6 8. f4 Nge7 9. Nf3 Qd7 10. h3 0-0-0 11. g4 f5 12. a3 fxe4 13. Nxe4 Nd5 14. Qg1 Rhf8 15. Bc4 Nxf4 16. Bb5 Kb8 17. Bxf4 Rxf4 18. Nc5 Qe8 19. Bxc6 bxc6 20. Nxe6 Qxe6 21. Nd4 Bxd4 22. Rxd4 Rdf8 23. Rd3 Qa2 24. Rb3+ Kc8 25. Qe3 Rf1+ 26. Rxf1 Rxf1+ 27. Kd2 Kd7 28. Qd4 Rf7 29. Qh8 Qb1 30. Re3 Rf2+ 31. Kc3 Qxc2+ 32. Kb4 Qc5+ 0-1

[Event "Suwalki Warakomska Memorial 5th"]
[Site "Suwalki"]
[Date "2021.08.01"]
[Round "7"]
[White "Renkowski, Piotr"]
[Black "Stanisz, Patryk"]
[Result "1-0"]
[WhiteElo "2150"]
[BlackElo "2140"]
[PlyCount "57"]
[EventDate "2021.07.27"]
[EventType "swiss"]
[EventRounds "9"]
[EventCountry "POL"]
[SourceTitle "CBM 203 Extra"]
[Source "ChessBase"]
[SourceDate "2021.09.30"]
[SourceVersion "1"]
[SourceVersionDate "2021.09.30"]
[SourceQuality "1"]

1. e4 c6 2. c4 d5 3. cxd5 cxd5 4. exd5 Nf6 5. Qa4+ Nbd7 6. Nc3 g6 7. Nf3 Bg7 8. Bc4 0-0 9. d3 Nb6 10. Qb3 e6 11. dxe6 Nxc4 12. exf7+ Rxf7 13. dxc4 Ng4 14. Nd5 Qd6 15. Be3 b5 16. c5 Qf8 17. Ng5 Kh8 18. Nxf7+ Qxf7 19. Nf4 Qc7 20. Ne6 Bxe6 21. Qxe6 Bxb2 22. Rd1 Nxe3 23. Qxe3 Qa5+ 24. Kf1 Qxa2 25. g3 Qc4+ 26. Kg2 Rc8 27. Rhe1 a5 28. Rd7 Qxc5 29. Qxc5 1-0

[Event "Suwalki Warakomska Memorial 5th"]
[Site "Suwalki"]
[Date "2021.07.29"]
[Round "4"]
[White "Renkowski, Piotr"]
[Black "Hnydiuk, Aleksander"]
[Result "0-1"]
[WhiteElo "2150"]
[BlackElo "2407"]
[PlyCount "56"]
[EventDate "2021.07.27"]
[EventType "swiss"]
[EventRounds "9"]
[EventCountry "POL"]
[SourceTitle "CBM 203 Extra"]
[Source "ChessBase"]
[SourceDate "2021.09.30"]
[SourceVersion "1"]
[SourceVersionDate "2021.09.30"]
[SourceQuality "1"]

1. e4 Nf6 2. e5 Nd5 3. d4 d6 4. c4 Nb6 5. exd6 exd6 6. Nc3 Be7 7. a3 0-0 8. Bd3 Nc6 9. Nge2 Bf6 10. Be3 d5 11. b3 dxc4 12. bxc4 g6 13. c5 Nd5 14. Nxd5 Qxd5 15. 0-0 Bg4 16. f3 Bf5 17. Bxf5 Qxf5 18. Bf2 Rad8 19. Rb1 b6 20. Qa4 Qd7 21. Rbd1 Rfe8 22. d5 Nd4 23. Rxd4 Bxd4 24. Qxd4 Rxe2 25. cxb6 axb6 26. Rd1 Rde8 27. Qh4 Qe7 28. Qh6 Rxf2 0-1

[Event "Opole Termika Blitz op"]
[Site "Opole"]
[Date "2021.07.18"]
[Round "4"]
[White "Renkowski, Piotr"]
[Black "Piesik, Piotr"]
[Result "0-1"]
[WhiteElo "2150"]
[BlackElo "2404"]
[PlyCount "122"]
[EventDate "2021.07.18"]
[EventType "swiss (blitz)"]
[EventRounds "13"]
[EventCountry "POL"]
[SourceTitle "CBM 203 Extra"]
[Source "ChessBase"]
[SourceDate "2021.09.30"]
[SourceVersion "1"]
[SourceVersionDate "2021.09.30"]
[SourceQuality "1"]

1. e4 g6 2. Nc3 Bg7 3. d4 c6 4. f4 d5 5. e5 Nh6 6. Nf3 Bg4 7. h3 Bxf3 8. Qxf3 Nf5 9. Be3 h5 10. Bd3 h4 11. Bxf5 gxf5 12. 0-0-0 e6 13. Kb1 Bf8 14. g4 hxg3 15. Qxg3 Qh4 16. Qf3 Nd7 17. Bf2 Qh5 18. Qxh5 Rxh5 19. Ne2 Be7 20. Rdg1 Nf8 21. Kc1 Ng6 22. Kd2 Kd7 23. Ke3 Rah8 24. Rg2 Rxh3+ 25. Rxh3 Rxh3+ 26. Rg3 Rh2 27. Bg1 Rh4 28. Bf2 Rh1 29. Rg1 Rh2 30. Bg3 Rh3 31. Kf3 c5 32. c3 Kc6 33. Kg2 Rh8 34. Rh1 Rxh1 35. Kxh1 Kb5 36. b3 c4 37. Kg2 a5 38. Kf3 Kc6 39. Be1 b5 40. Bd2 cxb3 41. axb3 a4 42. b4 Bh4 43. Nc1 Kd7 44. Be3 Be1 45. Na2 Ne7 46. Ke2 Bh4 47. Nc1 Nc8 48. Nd3 Nb6 49. Nc1 Nc4 50. Bg1 Ke8 51. Na2 Kf8 52. Nc1 Kg7 53. Na2 Kg6 54. Kf3 Kh5 55. Nc1 Be1 56. Na2 Kh4 57. Ke2 Bg3 58. Kf3 Kh3 59. Nc1 Nd2+ 60. Ke2 Ne4 61. Na2 Bxf4 0-1

[Event "Opole Termika Blitz op"]
[Site "Opole"]
[Date "2021.07.18"]
[Round "9"]
[White "Renkowski, Piotr"]
[Black "Steczek, Marcin"]
[Result "0-1"]
[WhiteElo "2150"]
[BlackElo "2358"]
[PlyCount "98"]
[EventDate "2021.07.18"]
[EventType "swiss (blitz)"]
[EventRounds "13"]
[EventCountry "POL"]
[SourceTitle "CBM 203 Extra"]
[Source "ChessBase"]
[SourceDate "2021.09.30"]
[SourceVersion "1"]
[SourceVersionDate "2021.09.30"]
[SourceQuality "1"]

1. e4 e6 2. d4 d5 3. e5 c5 4. c3 Qb6 5. Nf3 Bd7 6. Be2 Nc6 7. 0-0 Rc8 8. Na3 Nh6 9. Nc2 cxd4 10. cxd4 Nf5 11. a3 a5 12. Rb1 a4 13. g4 Nfe7 14. Kg2 h5 15. h3 hxg4 16. hxg4 Na5 17. Be3 Bb5 18. Nb4 Bxe2 19. Qxe2 Ng6 20. Rbc1 Nc4 21. Nd2 Bxb4 22. Nxc4 dxc4 23. axb4 Qxb4 24. f4 Qb5 25. f5 Qd5+ 26. Kg3 Ne7 27. Qf2 exf5 28. gxf5 Qe4 29. Qf4 Qxf4+ 30. Kxf4 b5 31. Rh1 Kd7 32. Ke4 Kc6 33. Rcd1 Nd5 34. Bc1 Rce8 35. Rdg1 b4 36. Rxh8 Rxh8 37. Rxg7 Rh4+ 38. Kf3 c3 39. bxc3 Rh3+ 40. Ke4 Rxc3 41. Rh7 Rxc1 42. Rh6+ f6 43. exf6 Re1+ 44. Kd3 Kd7 45. Kc4 a3 46. Kxd5 a2 47. Rh7+ Ke8 48. Ra7 a1Q 49. f7+ Kf8 0-1

[Event "POL-chT 1st League"]
[Site "Ustron"]
[Date "2020.09.13"]
[Round "9.2"]
[White "Kucza, Karol"]
[Black "Renkowski, Piotr"]
[Result "1/2-1/2"]
[WhiteElo "2285"]
[BlackElo "2149"]
[PlyCount "122"]
[EventDate "2020.09.05"]
[EventType "team-tourn"]
[EventRounds "9"]
[EventCountry "POL"]
[SourceTitle "CBM 198 Extra"]
[Source "ChessBase"]
[SourceDate "2020.11.30"]
[SourceVersion "1"]
[SourceVersionDate "2020.11.30"]
[SourceQuality "1"]
[WhiteTeam "Ostrow Wielkopolski"]
[BlackTeam "Gostynin Gostmat 83"]
[WhiteTeamCountry "POL"]
[BlackTeamCountry "POL"]

1. e4 e5 2. Nf3 Nc6 3. Bb5 a6 4. Ba4 Nf6 5. 0-0 b5 6. Bb3 Bc5 7. c3 d6 8. d4 Bb6 9. Be3 exd4 10. cxd4 Bg4 11. Nc3 0-0 12. Nd5 Nxd5 13. Bxd5 Bd7 14. Rc1 Qe8 15. Re1 Rc8 16. Bxc6 Bxc6 17. d5 Bxe3 18. Rxe3 Bb7 19. Nd4 Qe5 20. g3 Rfe8 21. a4 bxa4 22. Qxa4 g6 23. Rcc3 h5 24. Rb3 Rb8 25. Ne6 Re7 26. f4 Qf6 27. Nd4 Kg7 28. Qc4 Ree8 29. Nf3 Rec8 30. Rec3 c5 31. dxc6 Rxc6 32. Qd3 Rxc3 33. Qxc3 Qxc3 34. bxc3 a5 35. Nd4 a4 36. Rb6 a3 37. c4 a2 38. Nb3 Ra8 39. Rxb7 Ra3 40. Na1 Rc3 41. Kg2 Rc1 42. Nb3 Rb1 43. Ra7 Rxb3 44. Rxa2 Re3 45. c5 dxc5 46. e5 g5 47. Rc2 h4 48. Rxc5 hxg3 49. hxg3 gxf4 50. gxf4 Ra3 51. Rc6 Rb3 52. Kf2 Ra3 53. Rd6 Rb3 54. Ke2 Kf8 55. Rd7 Ke8 56. Ra7 Rh3 57. Ra6 Ke7 58. Kf2 Rb3 59. Kg2 Rc3 60. Rh6 Rb3 61. Rh3 Rxh3 1/2-1/2

[Event "POL-chT 1st League"]
[Site "Ustron"]
[Date "2020.09.11"]
[Round "7.1"]
[White "Renkowski, Piotr"]
[Black "Klepek, Witold"]
[Result "1-0"]
[WhiteElo "2149"]
[BlackElo "2159"]
[PlyCount "89"]
[EventDate "2020.09.05"]
[EventType "team-tourn"]
[EventRounds "9"]
[EventCountry "POL"]
[SourceTitle "CBM 198 Extra"]
[Source "ChessBase"]
[SourceDate "2020.11.30"]
[SourceVersion "1"]
[SourceVersionDate "2020.11.30"]
[SourceQuality "1"]
[WhiteTeam "Gostynin Gostmat 83"]
[BlackTeam "Pawlowice Gminy"]
[WhiteTeamCountry "POL"]
[BlackTeamCountry "POL"]

1. e4 e6 2. d4 d5 3. e5 c5 4. c3 Nc6 5. Nf3 Bd7 6. Be2 Nge7 7. Na3 cxd4 8. cxd4 Ng6 9. Nc2 Be7 10. Bd3 0-0 11. h4 f6 12. exf6 Bxf6 13. Ng5 Bxg5 14. hxg5 e5 15. Qh5 e4 16. Be2 Bf5 17. g4 Be6 18. Bd2 Rc8 19. Bc3 Nf4 20. Qxh7+ Kf7 21. Bd2 Ng6 22. Qh2 Rh8 23. Qg2 Rxh1+ 24. Qxh1 Qh8 25. Qh5 Nce5 26. dxe5 Rxc2 27. Qxh8 Nxh8 28. Bc3 d4 29. Bd1 Rxc3 30. bxc3 dxc3 31. Bb3 Ng6 32. Rc1 Bxb3 33. axb3 Nxe5 34. Rxc3 Kg6 35. Rc7 b5 36. Rxa7 Kxg5 37. Rxg7+ Kf4 38. Ke2 Nd3 39. Rf7+ Kxg4 40. Ke3 Nc5 41. Rf4+ Kg5 42. Rxe4 Nxb3 43. Rb4 Na1 44. Rxb5+ Kf6 45. Rb2 1-0

[Event "POL-chT 1st League"]
[Site "Ustron"]
[Date "2020.09.08"]
[Round "4.4"]
[White "Czernek, Tymon"]
[Black "Renkowski, Piotr"]
[Result "1-0"]
[WhiteElo "2267"]
[BlackElo "2149"]
[PlyCount "79"]
[EventDate "2020.09.05"]
[EventType "team-tourn"]
[EventRounds "9"]
[EventCountry "POL"]
[SourceTitle "CBM 198 Extra"]
[Source "ChessBase"]
[SourceDate "2020.11.30"]
[SourceVersion "1"]
[SourceVersionDate "2020.11.30"]
[SourceQuality "1"]
[WhiteTeam "Czarna LKSz"]
[BlackTeam "Gostynin Gostmat 83"]
[WhiteTeamCountry "POL"]
[BlackTeamCountry "POL"]

1. e4 e6 2. d4 d5 3. Nc3 Nf6 4. e5 Nfd7 5. f4 c5 6. Nf3 a6 7. Be3 Qb6 8. Na4 Qa5+ 9. c3 cxd4 10. b4 Qc7 11. Bxd4 Nc6 12. Be2 Nxd4 13. Qxd4 b5 14. Nb2 Be7 15. Qd2 0-0 16. 0-0 f6 17. Nd3 Nb6 18. exf6 gxf6 19. Nd4 Bd7 20. Bg4 e5 21. Bxd7 Nxd7 22. fxe5 fxe5 23. Nf5 Qb6+ 24. Kh1 Qe6 25. g4 Kh8 26. Rae1 Bf6 27. Nf4 Qg8 28. Nxd5 Rad8 29. Qg2 Bg5 30. h4 Bf6 31. g5 Bg7 32. h5 e4 33. Qxe4 Nc5 34. bxc5 Qxd5 35. Qxd5 Rxd5 36. c6 Rc5 37. Ne7 Ra8 38. h6 Bxc3 39. Re3 Ba5 40. Ref3 1-0

[Event "POL-chT 1st League"]
[Site "Pokrzywna"]
[Date "2018.09.09"]
[Round "9.4"]
[White "Szustakowski, Antoni"]
[Black "Renkowski, Piotr"]
[Result "1-0"]
[WhiteElo "2300"]
[BlackElo "2199"]
[PlyCount "55"]
[EventDate "2018.09.01"]
[EventType "team-tourn"]
[EventRounds "9"]
[EventCountry "POL"]
[SourceTitle "CBM 186 Extra"]
[Source "ChessBase"]
[SourceDate "2018.08.24"]
[SourceVersion "1"]
[SourceVersionDate "2018.08.24"]
[SourceQuality "1"]
[WhiteTeam "Znin Baszta"]
[BlackTeam "Gostynin Gostmat 83"]
[WhiteTeamCountry "POL"]
[BlackTeamCountry "POL"]

1. d4 d5 2. c4 c6 3. Nc3 Nf6 4. Nf3 e6 5. Bg5 Nbd7 6. e3 Be7 7. Qc2 h6 8. Bh4 0-0 9. Rd1 a6 10. a3 Re8 11. Bd3 dxc4 12. Bxc4 b5 13. Bd3 Bb7 14. 0-0 Qb6 15. b4 a5 16. Qb2 Bf8 17. e4 axb4 18. axb4 g6 19. Bc2 Ra7 20. Qb1 Rea8 21. e5 Nd5 22. Nxd5 cxd5 23. Bxg6 fxg6 24. Qxg6+ Kh8 25. Bf6+ Nxf6 26. exf6 Bc6 27. f7 Bg7 28. Ng5 1-0

[Event "POL-chT 1st League"]
[Site "Pokrzywna"]
[Date "2018.09.06"]
[Round "6.4"]
[White "Bardeli, Lukasz"]
[Black "Renkowski, Piotr"]
[Result "1/2-1/2"]
[WhiteElo "2133"]
[BlackElo "2199"]
[PlyCount "127"]
[EventDate "2018.09.01"]
[EventType "team-tourn"]
[EventRounds "9"]
[EventCountry "POL"]
[SourceTitle "CBM 186 Extra"]
[Source "ChessBase"]
[SourceDate "2018.08.24"]
[SourceVersion "1"]
[SourceVersionDate "2018.08.24"]
[SourceQuality "1"]
[WhiteTeam "Chrobry Gniezno"]
[BlackTeam "Gostynin Gostmat 83"]
[WhiteTeamCountry "POL"]
[BlackTeamCountry "POL"]

1. Nf3 d5 2. c4 c6 3. b3 Nf6 4. g3 Bf5 5. Bg2 e6 6. 0-0 Be7 7. Bb2 0-0 8. d3 h6 9. Nbd2 Nbd7 10. a3 a5 11. Qc2 Bh7 12. Ne5 Nxe5 13. Bxe5 Nd7 14. Bc3 Bf6 15. Qb2 Qb6 16. Bxf6 Nxf6 17. Rac1 Rfe8 18. Nf3 Rad8 19. Rc2 Re7 20. b4 axb4 21. axb4 Rde8 22. Ne5 Nd7 23. Nxd7 Rxd7 24. Ra1 dxc4 25. Rxc4 e5 26. Ra5 e4 27. Re5 Rde7 28. Rxe7 Rxe7 29. dxe4 Rd7 30. Bf3 Bg6 31. h4 h5 32. Qe5 Rd1+ 33. Kg2 f6 34. Qc3 Bf7 35. Rc5 Rb1 36. Bxh5 Qxb4 37. Bxf7+ Kxf7 38. Qxb4 Rxb4 39. e5 fxe5 40. Rxe5 Rc4 41. Kf3 b5 42. Ke3 b4 43. Re4 Rc3+ 44. Kd2 c5 45. h5 Ra3 46. Kc2 Rc3+ 47. Kd2 Ra3 48. Kc2 Rc3+ 49. Kb2 Kf6 50. f3 c4 51. g4 Kg5 52. Re5+ Kf6 53. f4 Rb3+ 54. Kc2 Ra3 55. g5+ Kf7 56. Rb5 Ra2+ 57. Kb1 Rxe2 58. Rxb4 Rh2 59. Rb7+ Kf8 60. Rb8+ Ke7 61. Rg8 Kf7 62. Rh8 c3 63. f5 Rf2 64. h6 1/2-1/2

[Event "POL-chT 1st League"]
[Site "Pokrzywna"]
[Date "2018.09.04"]
[Round "4.5"]
[White "Cvek, Robert"]
[Black "Renkowski, Piotr"]
[Result "1-0"]
[WhiteElo "2509"]
[BlackElo "2199"]
[PlyCount "79"]
[EventDate "2018.09.01"]
[EventType "team-tourn"]
[EventRounds "9"]
[EventCountry "POL"]
[SourceTitle "CBM 186 Extra"]
[Source "ChessBase"]
[SourceDate "2018.08.24"]
[SourceVersion "1"]
[SourceVersionDate "2018.08.24"]
[SourceQuality "1"]
[WhiteTeam "Raciborz Silesia"]
[BlackTeam "Gostynin Gostmat 83"]
[WhiteTeamCountry "POL"]
[BlackTeamCountry "POL"]

1. c4 e5 2. Nc3 Nc6 3. g3 d6 4. Bg2 Be6 5. d3 Qd7 6. b4 Nf6 7. b5 Nd8 8. Bg5 Be7 9. Nf3 h6 10. Bxf6 Bxf6 11. Rb1 g6 12. Nd2 0-0 13. 0-0 Bg7 14. Nd5 f5 15. Qa4 Kh7 16. Qa5 Rf7 17. b6 Bxd5 18. Bxd5 cxb6 19. Rxb6 Re7 20. Rfb1 Nc6 21. Qa4 Qc8 22. R6b3 Nd4 23. Rxb7 Nxe2+ 24. Kg2 Rxb7 25. Rxb7 Nc3 26. Qa5 Nxd5 27. Qxd5 Qf8 28. Nf3 a6 29. c5 dxc5 30. Nxe5 Rd8 31. Nd7 Qe7 32. Qxc5 Qxc5 33. Nxc5 Rd6 34. Ra7 a5 35. Rxa5 Rd5 36. a4 h5 37. Rb5 Kh6 38. h4 Bc3 39. Nb7 Rxd3 40. Rb3 1-0

[Event "Warsaw Najdorf Memorial op-A 16th"]
[Site "Warsaw"]
[Date "2018.07.09"]
[Round "2"]
[White "Niekras, Dawid"]
[Black "Renkowski, Piotr"]
[Result "0-1"]
[WhiteElo "2351"]
[BlackElo "2184"]
[PlyCount "80"]
[EventDate "2018.07.08"]
[EventType "swiss"]
[EventRounds "9"]
[EventCountry "POL"]
[SourceTitle "CBM 185 Extra"]
[Source "ChessBase"]
[SourceDate "2018.07.29"]
[SourceVersion "1"]
[SourceVersionDate "2018.07.29"]
[SourceQuality "1"]

1. e4 e5 2. Nf3 Nc6 3. Bb5 a6 4. Ba4 Nf6 5. 0-0 b5 6. Bb3 Bc5 7. c3 d6 8. d4 Bb6 9. Be3 exd4 10. cxd4 Na5 11. Bc2 Bb7 12. Nbd2 0-0 13. Re1 Re8 14. Bg5 h6 15. Bh4 g5 16. Bg3 Nc4 17. Nxc4 bxc4 18. d5 c6 19. Ba4 Rc8 20. Nd4 Rxe4 21. Nf5 cxd5 22. Nxd6 Ba8 23. Nxc8 Qxc8 24. Rxe4 Nxe4 25. Bc2 d4 26. Bxe4 Bxe4 27. f3 Bc2 28. Qe1 d3+ 29. Bf2 Qc7 30. Kf1 Bxf2 31. Qxf2 Qxh2 32. Qe1 Qh1+ 33. Kf2 Qh4+ 34. Kf1 Qd4 35. Qd2 Qxb2 36. Re1 Qd4 37. Re8+ Kg7 38. Qb4 d2 39. Qf8+ Kg6 40. Qg8+ Qg7 0-1

[Event "Baltic Cup"]
[Site "Darlowko"]
[Date "2017.06.30"]
[Round "7"]
[White "Zaleski, Lukasz"]
[Black "Renkowski, Piotr"]
[Result "1-0"]
[WhiteElo "2220"]
[BlackElo "2096"]
[PlyCount "93"]
[EventDate "2017.06.25"]
[EventType "swiss"]
[EventRounds "9"]
[EventCountry "POL"]
[SourceTitle "EXT 2018"]
[Source "ChessBase"]
[SourceDate "2017.10.13"]
[SourceVersion "1"]
[SourceVersionDate "2017.10.13"]
[SourceQuality "1"]

1. Nf3 d5 2. g3 c5 3. Bg2 Nc6 4. d4 Nf6 5. 0-0 e6 6. b3 cxd4 7. Nxd4 Bc5 8. Bb2 0-0 9. c4 Bxd4 10. Bxd4 dxc4 11. Bc5 Qxd1 12. Rxd1 cxb3 13. axb3 Rd8 14. Rxd8+ Nxd8 15. Bxa7 Bd7 16. Bd4 Rxa1 17. Bxa1 Bc6 18. f3 Nd7 19. Bd4 e5 20. Bf2 Ne6 21. Na3 Nd4 22. Bxd4 exd4 23. b4 Ne5 24. Kf2 f5 25. Nc2 d3 26. exd3 Ba4 27. Ne1 f4 28. Bh3 b5 29. Be6+ Kf8 30. Bd5 fxg3+ 31. hxg3 Ke7 32. Ke3 Kd6 33. Be4 Bb3 34. f4 Ng4+ 35. Kd4 Nf6 36. Ng2 Nh5 37. g4 Nf6 38. g5 Nxe4 39. dxe4 h5 40. f5 Bc2 41. Ke3 Ke5 42. Nf4 Bxe4 43. f6 gxf6 44. gxf6 Kxf6 45. Kxe4 h4 46. Nh3 Ke6 47. Ng1 1-0

[Event "Baltic Cup"]
[Site "Darlowko"]
[Date "2017.06.29"]
[Round "6"]
[White "Renkowski, Piotr"]
[Black "Oglaza, Oskar"]
[Result "1/2-1/2"]
[WhiteElo "2096"]
[BlackElo "2197"]
[PlyCount "110"]
[EventDate "2017.06.25"]
[EventType "swiss"]
[EventRounds "9"]
[EventCountry "POL"]
[SourceTitle "EXT 2018"]
[Source "ChessBase"]
[SourceDate "2017.10.13"]
[SourceVersion "1"]
[SourceVersionDate "2017.10.13"]
[SourceQuality "1"]

1. e4 c5 2. c3 d5 3. exd5 Qxd5 4. d4 Nf6 5. Nf3 Bg4 6. Be2 e6 7. h3 Bh5 8. 0-0 Be7 9. Be3 cxd4 10. cxd4 Nc6 11. Nc3 Qd6 12. a3 0-0 13. Qb3 a6 14. Rfd1 Rfd8 15. Rac1 b5 16. Qa2 b4 17. Na4 Nd5 18. Nc5 Rdb8 19. Ne4 Qd7 20. Ne5 Nxe5 21. Bxh5 Nc6 22. Nc5 Qd6 23. Bf3 bxa3 24. bxa3 Ra7 25. Ne4 Qd7 26. Nc5 Qd6 27. Ne4 Qd7 28. Nc3 Nxe3 29. fxe3 Bg5 30. Re1 Nxd4 31. exd4 Bxc1 32. Rxc1 Qxd4+ 33. Kh1 Rc7 34. Ne2 Rxc1+ 35. Nxc1 Rb2 36. Qa1 Qb6 37. a4 Qb4 38. Kh2 Rb1 39. Nd3 Qd6+ 40. Qe5 Qxd3 41. Be4 Qd1 42. Bxb1 Qxb1 43. Qd6 g6 44. Qxa6 Qb8+ 45. Kg1 Qb1+ 46. Kh2 Qb8+ 47. Kg1 Qb1+ 48. Kf2 Qc2+ 49. Kg1 e5 50. Qb5 Qc1+ 51. Kf2 Qf4+ 52. Ke2 Qe4+ 53. Kf2 Qf4+ 54. Ke2 Qe4+ 55. Kf2 Qf4+ 1/2-1/2

[Event "Baltic Cup"]
[Site "Darlowko"]
[Date "2017.06.25"]
[Round "1"]
[White "Kosakowski, Jakub"]
[Black "Renkowski, Piotr"]
[Result "1/2-1/2"]
[WhiteElo "2366"]
[BlackElo "2096"]
[PlyCount "74"]
[EventDate "2017.06.25"]
[EventType "swiss"]
[EventRounds "9"]
[EventCountry "POL"]
[SourceTitle "EXT 2018"]
[Source "ChessBase"]
[SourceDate "2017.10.13"]
[SourceVersion "1"]
[SourceVersionDate "2017.10.13"]
[SourceQuality "1"]

1. e4 e5 2. Nf3 Nc6 3. Bb5 a6 4. Ba4 Bc5 5. 0-0 d6 6. c3 b5 7. Bb3 Nf6 8. d4 Bb6 9. Bg5 h6 10. dxe5 dxe5 11. Qxd8+ Nxd8 12. Bxf6 gxf6 13. a4 Bb7 14. Nbd2 Ne6 15. axb5 axb5 16. Rxa8+ Bxa8 17. Ra1 Ke7 18. g3 Rd8 19. h4 Bb7 20. Kf1 b4 21. cxb4 Nd4 22. Nxd4 Rxd4 23. Nc4 Bxe4 24. Nxb6 cxb6 25. Ra7+ Kd6 26. Rxf7 Rxb4 27. Rxf6+ Ke7 28. Rf7+ Ke8 29. Be6 Rxb2 30. f4 Bd3+ 31. Kg1 e4 32. Rd7 Bc4 33. f5 e3 34. f6 Rb1+ 35. Kg2 Rb2+ 36. Kg1 Rb1+ 37. Kg2 Rb2+ 1/2-1/2

[Event "Katowice POL-HUN 5th"]
[Site "Katowice"]
[Date "2017.05.20"]
[Round "5"]
[White "Suder, Jakub"]
[Black "Renkowski, Piotr"]
[Result "1-0"]
[WhiteElo "1651"]
[BlackElo "2096"]
[PlyCount "105"]
[EventDate "2017.05.20"]
[EventType "swiss (rapid)"]
[EventRounds "9"]
[EventCountry "POL"]
[SourceTitle "CBM 178 Extra"]
[Source "ChessBase"]
[SourceDate "2017.06.22"]
[SourceVersion "1"]
[SourceVersionDate "2017.06.22"]
[SourceQuality "1"]

1. d4 d5 2. c4 e5 3. Nc3 dxc4 4. d5 c6 5. e4 Nf6 6. Bg5 Be7 7. dxc6 Nxc6 8. Qxd8+ Bxd8 9. Bxc4 Nd4 10. Rd1 0-0 11. Nge2 Nxe2 12. Kxe2 h6 13. Be3 Bd7 14. f3 Rc8 15. Bb3 a6 16. g4 Bc6 17. h4 h5 18. g5 Nd7 19. g6 Be7 20. gxf7+ Kh7 21. Be6 Rc7 22. Nd5 Bxd5 23. Rxd5 Nc5 24. Bxc5 Bxc5 25. Rc1 b6 26. Rxe5 Kg6 27. b4 Kf6 28. Rxh5 Kxe6 29. bxc5 Rfxf7 30. c6 Rf6 31. Ke3 Kf7 32. Rf5 Ke6 33. Rxf6+ gxf6 34. Kf4 b5 35. h5 b4 36. h6 Kf7 37. Kf5 a5 38. f4 a4 39. e5 fxe5 40. fxe5 b3 41. axb3 axb3 42. e6+ Kg8 43. Kg6 b2 44. Rd1 Rg7+ 45. Kf6 Rc7 46. Rb1 Rxc6 47. Rxb2 Kh7 48. Rg2 Rc1 49. Rh2 Rf1+ 50. Ke7 Kh8 51. Ke8 Kh7 52. e7 Rf4 53. Re2 1-0

[Event "POL-ch U26 rapid"]
[Site "Hucisko"]
[Date "2016.01.15"]
[Round "3"]
[White "Plichta, Kamil"]
[Black "Renkowski, Piotr"]
[Result "1-0"]
[WhiteElo "2331"]
[BlackElo "2066"]
[PlyCount "107"]
[EventDate "2016.01.15"]
[EventType "swiss (rapid)"]
[EventRounds "9"]
[EventCountry "POL"]
[SourceTitle "CBM 170 Extra"]
[Source "ChessBase"]
[SourceDate "2016.02.25"]
[SourceVersion "1"]
[SourceVersionDate "2016.02.25"]
[SourceQuality "1"]

1. g3 e5 2. Bg2 d5 3. c4 c6 4. Qa4 Nf6 5. cxd5 Nxd5 6. Nc3 Be6 7. Nf3 Nd7 8. 0-0 Be7 9. d4 Bf6 10. Nxd5 Bxd5 11. e4 Bxe4 12. dxe5 Nc5 13. Qc4 Be7 14. Ng5 Bxg5 15. Qxc5 Bxg2 16. Kxg2 Bxc1 17. Raxc1 Qe7 18. Qa5 0-0 19. Rfd1 Rfe8 20. f4 Red8 21. Qc3 Rxd1 22. Rxd1 Rd8 23. Qc5 Qxc5 24. Rxd8+ Qf8 25. Rxf8+ Kxf8 26. Kf3 Ke7 27. Ke4 f6 28. g4 b6 29. f5 fxe5 30. Kxe5 c5 31. g5 h6 32. h4 c4 33. Kd5 b5 34. a4 bxa4 35. Kxc4 hxg5 36. hxg5 Kd6 37. Kd4 Kd7 38. Kd5 Ke7 39. Kc6 Ke8 40. Kd6 Kd8 41. Kc6 Ke7 42. Kc7 Ke8 43. Kb7 Kd7 44. Kxa7 Kd6 45. Kb6 Ke5 46. Kb5 Kxf5 47. Kxa4 Kxg5 48. b4 Kf5 49. b5 Ke6 50. Ka5 Kd7 51. Ka6 g5 52. b6 g4 53. b7 Kc7 54. Ka7 1-0